Statistics for JetPunk Discord Members with the Most Takes

Click here to take the quiz!

General Stats

  • This quiz has been taken 58 times
    (25 since last reset)
  • The average score is 9 of 15

Answer Stats

TakesIncreaseNameMessages% Correct
1,932,77134.8%Stewart51,243
95%
95,67641.3%IAB38,021
90%
21,403129%CringeDragon46,172
81%
8,760,3306.82%relessness176
76%
4,288,79312.0%Quizzer679426,274
67%
77,01225.1%OskarRB9,907
67%
32,7919.51%SaturnTheQuizzer18,817
62%
23,716275%NinjaQKk29,184
62%
1,555,84511.5%Gassu2,714
57%
27,16427.4%FlabberBapper40,468
57%
1,167,9539.22%WolfCam1,453
52%
21,58018.2%UG33235,108
52%
106,44440.2%Lucknowite2,068
38%
20,06813.1%ThatNorwegianMapper106
29%
17,745NEWMalkiboy2,322
19%

Score Distribution

Percentile by Number Answered

Percent of People with Each Score

Your Score History

You have not taken this quiz since the last reset